Experiencias investigativas de aula en educación formal /

Bibliographic Details
Main Author: Isidro Delgado, Mario Alexi (Author)
Format: Electronic eBook
Language:Spanish
Published: [Pamplona, Colombia] : Sello Editorial Unipamplona, [2025]
Edition:Primera edición.
Series:Colección Educación (Universidad de Pamplona)
Subjects:
Online Access:Digitalia Hispánica

MARC

LEADER 00000nam a2200000 i 4500
001 DIGUPAMP0097
003 NyNyDIG
007 cr |||||||||||
008 260123s2025 ck a ob 000 0 spa d
006 m o d
035 |a (OCoLC)1569883476 
040 |a DGITA  |b eng  |e rda  |e pn  |c DGITA 
020 |a 9786287656642  |q (digital) 
024 7 |a 10.24054/seu.119  |2 doi 
043 |a s-ck--- 
050 1 4 |a LB3013 ebook 
245 0 0 |a Experiencias investigativas de aula en educación formal /  |c Mario Alexi Isidro Delgado [and 5 others]. 
250 |a Primera edición. 
264 1 |a [Pamplona, Colombia] :  |b Sello Editorial Unipamplona,  |c [2025] 
300 |a 1 online resource :  |b illustrations. 
336 |a text  |b txt  |2 rdacontent 
337 |a computer  |b c  |2 rdamedia 
338 |a online resource  |b cr  |2 rdacarrier 
347 |a text file  |2 rdaft 
347 |b PDF 
490 1 |a Colección Educación 
504 |a Includes bibliographical references. 
588 0 |a Online resource; title from PDF title page (Digitalia, viewed January 23, 2025) 
650 0 |a Classroom management. 
650 0 |a Teaching  |x Research  |x Methodology. 
700 1 |a Isidro Delgado, Mario Alexi,  |e author. 
791 2 |a Digitalia (Firm),  |e distributor. 
793 0 |g Digitalia eBook Collection:  |a Universidad de Pamplona 
830 0 |a Colección Educación (Universidad de Pamplona) 
856 4 0 |3 Digitalia Hispánica  |u https://www.digitaliapublishing.com/a/183723/ 
910 |a Premium collection: 2026